An introduction to network programming with Java / (Record no. 2005)
[ view plain ]
| 000 -LEADER | |
|---|---|
| fixed length control field | 01339nac a22003131u 4500 |
| 090 ## - LOCALLY ASSIGNED LC-TYPE CALL NUMBER (OCLC); LOCAL CALL NUMBER (OCLC) | |
| -- | 2005 |
| 008 - FIXED-LENGTH DATA ELEMENTS--GENERAL INFORMATION | |
| fixed length control field | http://192.168.3.25:8080/cgi-bin/koha/ca |
| 010 ## - LIBRARY OF CONGRESS CONTROL NUMBER | |
| LC control number | 2006923894 |
| 020 ## - INTERNATIONAL STANDARD BOOK NUMBER | |
| International Standard Book Number | 9781846283802 (pbk.) |
| 020 ## - INTERNATIONAL STANDARD BOOK NUMBER | |
| International Standard Book Number | 1846283809 (pbk.) |
| 035 ## - SYSTEM CONTROL NUMBER | |
| System control number | (OCoLC)ocm68772607 |
| 035 ## - SYSTEM CONTROL NUMBER | |
| System control number | (OCoLC)68772607 |
| 082 04 - DEWEY DECIMAL CLASSIFICATION NUMBER | |
| Classification number | 005.2762 |
| Item number | G751 |
| 100 ## - MAIN ENTRY--PERSONAL NAME | |
| Personal name | Graba, Jan, |
| 245 13 - TITLE STATEMENT | |
| Title | An introduction to network programming with Java / |
| Statement of responsibility, etc | Jan Graba. |
| 250 ## - EDITION STATEMENT | |
| Edition statement | New and revised ed. |
| 260 ## - PUBLICATION, DISTRIBUTION, ETC. (IMPRINT) | |
| Place of publication, distribution, etc | [London] : |
| Name of publisher, distributor, etc | Springer,2006 |
| Date of publication, distribution, etc | 2006. |
| 300 ## - PHYSICAL DESCRIPTION | |
| Extent | xi, 423 p. : |
| Other physical details | ill. ; |
| Dimensions | 24 cm. + |
| Accompanying material | 1 CD-ROM (4 3/4 in.) |
| 500 ## - GENERAL NOTE | |
| General note | Audiovisuals |
| 500 ## - GENERAL NOTE | |
| General note | Originally published: Harlow : Pearson/Addison Wesley, 2003. |
| 504 ## - BIBLIOGRAPHY, ETC. NOTE | |
| Bibliography, etc | Includes bibliographical references (p. [415]-416) and index. |
| 650 #0 - SUBJECT ADDED ENTRY--TOPICAL TERM | |
| Topical term or geographic name as entry element | Java (Computer program language) |
| 650 #0 - SUBJECT ADDED ENTRY--TOPICAL TERM | |
| Topical term or geographic name as entry element | Computer networks. |
| 650 #0 - SUBJECT ADDED ENTRY--TOPICAL TERM | |
| Topical term or geographic name as entry element | Internet programming. |
| 650 #0 - SUBJECT ADDED ENTRY--TOPICAL TERM | |
| Topical term or geographic name as entry element | Java (programmeertaal) |
| 942 ## - ADDED ENTRY ELEMENTS (KOHA) | |
| Item type | Book - Borrowing |
| Call number prefix | 005.2762G751 |
| Source of classification or shelving scheme | Dewey Decimal Classification |
| Withdrawn status | Item status | Source of classification or shelving scheme | Damaged status | Not for loan | Vendor | Home library | Current library | Shelving location | Date acquired | Source of acquisition | Total Checkouts | Total Renewals | Full call number | Barcode | Date last seen | Date last borrowed | Cost, replacement price | Koha item type | Materials specified (bound volume or other part) |
|---|---|---|---|---|---|---|---|---|---|---|---|---|---|---|---|---|---|---|---|
| Dewey Decimal Classification | Central Library | Central Library | Lower Floor | 07/02/2007 | 7 | 25 | 005.2762 GRA | 000002380 | 15/07/2025 | 26/03/2019 | 337.15 | Book - Borrowing | |||||||
| Lost | Dewey Decimal Classification | Central Library | Central Library | Lower Floor | 17/08/2008 | 1 | 005.2762 GRA | 000011100 | 01/07/2011 | 19/10/2008 | CD | DVD - With book | Lost In Inventory_2015-8-23 |